Music Quiz

Random Music Quiz

New Order - The Perfect Kiss Lyrics Quiz Stats

Quiz not verified by Sporcle

Challenge
Share
Tweet
Embed
Score 0/214 Timer 07:00
0 Plays Today
% Correct
the
100%
the
100%
the
100%
the
100%
the
100%
I
98%
a
98%
of
98%
I
98%
of
98%
to
98%
I
98%
and
98%
I
98%
in
98%
a
98%
of
98%
I
98%
in
98%
a
98%
of
98%
I
98%
and
98%
I
98%
to
98%
I
98%
and
98%
I
98%
in
98%
a
98%
of
98%
I
98%
in
98%
a
98%
of
98%
to
98%
a
98%
in
98%
a
98%
of
98%
I
98%
of
98%
we
96.1%
go
96.1%
go
96.1%
have
96.1%
you
96.1%
you
96.1%
you
96.1%
we
96.1%
have
96.1%
have
96.1%
so
96.1%
go
96.1%
have
96.1%
you
96.1%
we
96.1%
you
96.1%
we
96.1%
you
96.1%
You
96.1%
you
96.1%
you
96.1%
You
96.1%
You
96.1%
know,
94.1%
know,
94.1%
know,
94.1%
know,
94.1%
know,
94.1%
know,
94.1%
know,
94.1%
% Correct
know,
94.1%
be
94.1%
know
94.1%
out
92.2%
out
92.2%
love
92.2%
love
92.2%
out
92.2%
out
92.2%
love
92.2%
love
92.2%
out
92.2%
see
90.2%
some
90.2%
He
90.2%
he
90.2%
see
90.2%
some
90.2%
he
90.2%
Then
88.2%
Then
88.2%
it
88.2%
This
88.2%
fun'
88.2%
always
88.2%
my
88.2%
always
88.2%
was
88.2%
fun'
88.2%
it
88.2%
Then
88.2%
My
88.2%
his
86.3%
said
86.3%
'let's
86.3%
land
86.3%
land
86.3%
his
86.3%
said
86.3%
'let's
86.3%
land
86.3%
land
86.3%
land
86.3%
his
86.3%
kiss
86.3%
kiss
86.3%
about
84.3%
would
84.3%
not
84.3%
about
84.3%
should
84.3%
at
84.3%
not
84.3%
at
84.3%
perfect
84.3%
is
84.3%
mine
82.4%
from
82.4%
mine
82.4%
believe
82.4%
believe
82.4%
thought
82.4%
thought
82.4%
believe
82.4%
believe
82.4%
believe
82.4%
death
82.4%
friend
80.4%
knew
80.4%
friend
80.4%
gun
80.4%
going
80.4%
% Correct
gun
80.4%
friend,
80.4%
home
78.4%
with
78.4%
pleasure
78.4%
together
76.5%
start
76.5%
fall
76.5%
apart
76.5%
Staying
76.5%
stayed
76.5%
zone
76.5%
When
76.5%
Suggested
74.5%
strange
74.5%
there
72.5%
Pretending
72.5%
Tonight
72.5%
Playing
72.5%
has
72.5%
been
72.5%
Pretending
72.5%
Thinking
70.6%
weather
70.6%
are
70.6%
That
70.6%
are
70.6%
myself
68.6%
often
68.6%
deranged
68.6%
night
68.6%
hard
66.7%
by
66.7%
your
66.7%
your
66.7%
beside
62.7%
here
62.7%
here
62.7%
on
62.7%
came
60.8%
right
58.8%
If
58.8%
I'd
56.9%
all
56.9%
all
56.9%
Now
56.9%
stood
54.9%
alone
54.9%
things
49%
street
47.1%
final
47.1%
breath
47.1%
throw
45.1%
took
45.1%
for
43.1%
away
43.1%
away
43.1%
chance
39.2%
fight
39.2%
heart
39.2%
meat
37.3%
breaks
35.3%
lose
35.3%
give
33.3%
only
33.3%
today
33.3%
broken
33.3%
yourself
31.4%
another
29.4%
search
27.5%

You're not logged in!

Compare scores with friends on all Sporcle quizzes.
Join for Free
OR
Log In

You Might Also Like...

Show Comments

Extras

Top Quizzes Today


Score Distribution

Your Account Isn't Verified!

In order to create a playlist on Sporcle, you need to verify the email address you used during registration. Go to your Sporcle Settings to finish the process.

Report this User

Report this user for behavior that violates our Community Guidelines.

Details: